LEADER 01259nam--2200397---450 001 990003128210203316 005 20201020125034.0 010 $a978-88-4249-796-7 035 $a000312821 035 $aUSA01000312821 035 $a(ALEPH)000312821USA01 035 $a000312821 100 $a20080715d2008----km-y0itay50------ba 101 0 $aita 102 $aIT 105 $aa|||z|||001yy 200 1 $aDa Okeanos a "El Niño"$eil contributo dell'oceanografia agli studi sul clima$fRenzo Mosetti, Marina Silvestri 210 $a[Milano]$cB. Mondadori$dcopyr. 2008 215 $aXII, 169 p.$cill.$d21 cm 225 2 $aRicerca 410 0$12001$aRicerca 606 0 $aClima$xVariazioni$xInflussi [dei] Mari$2BNCF 676 $a551.5246 700 1$aMOSETTI,$bRenzo$0601774 701 1$aSILVESTRI,$bMarina$0601775 801 0$aIT$bsalbc$gISBD 912 $a990003128210203316 951 $a551.524 MOS 1 (III.1. 1917)$b209408 L.M.$c551.524$d00174944 959 $aBK 969 $aSOS 979 $aGIUSY$b90$c20080715$lUSA01$h1009 979 $aGIUSY$b90$c20080715$lUSA01$h1012 979 $aGIUSY$b90$c20080715$lUSA01$h1013 979 $aANNAMARIA$b90$c20080717$lUSA01$h0842 996 $aDa Okeanos a "El Niño"$91017171 997 $aUNISA LEADER 03787nam 22008655 450 001 9910736012603321 005 20260211161156.0 010 $a9783031259357 010 $a3031259351 024 7 $a10.1007/978-3-031-25935-7 035 $a(CKB)26748733500041 035 $a(DE-He213)978-3-031-25935-7 035 $a(MiAaPQ)EBC30545129 035 $a(Au-PeEL)EBL30545129 035 $a(BIP)087248749 035 $a(PPN)270618686 035 $a(ODN)ODN0009861185 035 $a(EXLCZ)9926748733500041 100 $a20230517d2023 u| 0 101 0 $aeng 135 $aurnn#008mamaa 181 $ctxt$2rdacontent 182 $cc$2rdamedia 183 $acr$2rdacarrier 200 10$aConfessions of an AI Brain /$fby Elena Fersman, Paul Pettersson, Athanasios Karapantelakis 205 $a1st ed. 2023. 210 1$aCham :$cSpringer International Publishing :$cImprint: Springer,$d2023. 215 $a1 online resource (XIII, 178 p. 1 illus.) 311 08$a3-031-25934-3 327 $aPrologue -- Chapter 1: Baby steps -- Chapter 2: Basic Needs of an AI Brain -- Chapter 3: My Role in Internet of Things -- Chapter 4: Managing Relathionships -- Chapter 5: Working with Humans -- Chapter 6: Avoiding the Criminal Path -- Chapter 7: My Role in Climate Change -- Chapter 8: My Role in Diversity -- Chapter 9: My Creative Side -- Chapter 10: Growing Older and Staying in Shape -- Epilogue. 330 $aThis book explains the principles and applications of artificial intelligence for a broad audience. Artificial intelligence, as part of computer science, is often inspired by human intelligence. At the same time, there is still reluctance in the applications and usability of artificial intelligence among citizens. Industries are deploying AI in their products and processes but the level of maturity is varying. This book aims at reaching decision-makers and executives in companies, as well as the citizens and the academic community to explain the inner-workings of AI technology putting it in a center and giving it a human touch. The book is written as a first person narrative, from an AI perspective, having the AI brain tell the story. 606 $aArtificial intelligence 606 $aComputers and civilization 606 $aRobotics 606 $aTechnology$xMoral and ethical aspects 606 $aAutomatic control 606 $aAutomation 606 $aArtificial Intelligence 606 $aComputers and Society 606 $aRobotics 606 $aEthics of Technology 606 $aControl, Robotics, Automation 606 $aIntel·ligència artificial$2thub 606 $aPensament$2thub 606 $aProcessament de dades$2thub 606 $aAspectes psicològics$2thub 608 $aLlibres electrònics$2thub 615 0$aArtificial intelligence. 615 0$aComputers and civilization. 615 0$aRobotics. 615 0$aTechnology$xMoral and ethical aspects. 615 0$aAutomatic control. 615 0$aAutomation. 615 14$aArtificial Intelligence. 615 24$aComputers and Society. 615 24$aRobotics. 615 24$aEthics of Technology. 615 24$aControl, Robotics, Automation. 615 7$aIntel·ligència artificial 615 7$aPensament 615 7$aProcessament de dades 615 7$aAspectes psicològics 676 $a153.42028563 676 $a006.3 686 $aCOM004000$aCOM079000$aPHI005000$aTEC007000$aTEC037000$2bisacsh 700 $aFersman$b Elena$01427537 702 $aPettersson$b Paul 702 $aKarapantelakis$b Athanasios 801 0$bMiAaPQ 801 1$bMiAaPQ 801 2$bMiAaPQ 906 $aBOOK 912 $a9910736012603321 996 $aConfessions of an AI Brain$93561103 997 $aUNINA